शहर के नाम / (Record no. 114673)

MARC details
000 -LEADER
fixed length control field 01088nam a22002777a 4500
003 - CONTROL NUMBER IDENTIFIER
control field dpl
005 - DATE AND TIME OF LATEST TRANSACTION
control field 20180911133838.0
008 - FIXED-LENGTH DATA ELEMENTS--GENERAL INFORMATION
fixed length control field 180911b xxu||||| |||| 00| 0 eng d
010 ## - LIBRARY OF CONGRESS CONTROL NUMBER
LC control number B-037135
020 ## - INTERNATIONAL STANDARD BOOK NUMBER
Terms of availability 90.00
International Standard Book Number 8126305436
035 ## - SYSTEM CONTROL NUMBER
System control number B-037135, B-037139
037 ## - SOURCE OF ACQUISITION
Source of stock number/acquisition Cen Lib/Ret
040 ## - CATALOGING SOURCE
Original cataloging agency DPL
Language of cataloging HN
Transcribing agency 0
082 ## - DEWEY DECIMAL CLASSIFICATION NUMBER
Classification number
Item number गर्गमृ
100 ## - MAIN ENTRY--PERSONAL NAME
Personal name गर्ग, मृदुला
9 (RLIN) 210
245 ## - TITLE STATEMENT
Title शहर के नाम /
Statement of responsibility, etc मृदुला गर्ग
246 ## - VARYING FORM OF TITLE
Title proper/short title Shahar ke naam /
Remainder of title by Mridula Garg
260 ## - PUBLICATION, DISTRIBUTION, ETC. (IMPRINT)
Place of publication, distribution, etc नयी दिल्ली
Name of publisher, distributor, etc भारतीय ज्ञानपीठ
Date of publication, distribution, etc 2000
270 ## - ADDRESS
City नयी दिल्ली
Address 18, इंस्टीटयुशनल एरिया, लोधी रोड
Postal code 110003
300 ## - PHYSICAL DESCRIPTION
Extent 112पृ.
Dimensions 21सेमी (सजिल्द)
650 ## - SUBJECT ADDED ENTRY--TOPICAL TERM
Topical term or geographic name as entry element हिन्दी साहित्य
9 (RLIN) 57805
650 ## - SUBJECT ADDED ENTRY--TOPICAL TERM
Topical term or geographic name as entry element कहानी संग्रह
9 (RLIN) 57806
650 ## - SUBJECT ADDED ENTRY--TOPICAL TERM
Topical term or geographic name as entry element Hindi literature
9 (RLIN) 57807
650 ## - SUBJECT ADDED ENTRY--TOPICAL TERM
Topical term or geographic name as entry element Story collection
9 (RLIN) 57808
942 ## - ADDED ENTRY ELEMENTS (KOHA)
Source of classification or shelving scheme Dewey Decimal Classification
Koha item type Hindi Books
Classification part
Call number suffix गर्गमृ
Holdings
Withdrawn status Lost status Damaged status Not for loan Home library Current library Date acquired Source of acquisition Cost, normal purchase price Total Checkouts Full call number Barcode Date last seen Copy number Cost, replacement price Price effective from Koha item type Public note Source of classification or shelving scheme Collection code Total Renewals Date checked out
Written off       Central Library Central Library 18/08/2015 Cen Lib/Ret 90.00   क गर्गमृ B-037135 18/08/2015 1 90.00 18/08/2015 Hindi Books Written off on approval by DLB (By Circulation); dtd 15-06-2023        
        Shahdara Branch Shahdara Branch 11/09/2018 BPPD/PUB 90.00 1 क गर्गमृ B-037139 22/10/2019   90.00 11/09/2018 Hindi Books   Dewey Decimal Classification Fiction 2 27/09/2019

© Delhi Public Library
Hit Counter
free hit counter